000 00758nam a2200241Ia 4500
003 OSt
005 20220926022420.0
006 a|||||r|||| 00| 0
007 ta
008 220923b |||||||| |||| 00| 0 eng d
037 _cGeneral Book
040 _aRTL
_cRTL
_beng
041 _2eng
_aeng
082 _aX:(G:55).5923.P, P3
110 _aUnited Nations, Economic Commission for Europe
245 0 _aEnvironmental performance reviews
_b Yugoslavia
260 _aNew York
_bUnited Nations U. S. A.
_c2003
300 _a259p.
_ccm.
650 _aEnvironmental Economics-Yugoslavia
_9327777
700 _aUnited Nations, Economic Commission for Europe
942 _hX:(G:55).5923.P, P3
_cGB
_2CC
999 _c639413
_d639413